[Event "UKR ol"]
[Site "Alushta"]
[Date "1999.??.??"]
[Round "?"]
[White "Dekusar, Maria"]
[Black "Zatonskih, Anna"]
[Result "1/2-1/2"]
[WhiteElo "2230"]
[BlackElo "2326"]
[PlyCount "90"]
[EventDate "1999.05.12"]
[EventType "team"]
[EventRounds "11"]
[EventCountry "UKR"]
[SourceTitle "EXT 2001"]
[Source "ChessBase"]
[SourceDate "2000.11.22"]
[SourceVersion "1"]
[SourceVersionDate "2000.11.22"]
[SourceQuality "1"]

1. d4 e6 2. c4 f5 3. Nf3 Nf6 4. g3 Be7 5. Bg2 0-0 6. 0-0 d6 7. b3 Qe8 8. Bb2 Qh5 9. e3 a5 10. a3 c6 11. Nbd2 Qh6 12. Ne1 d5 13. Nd3 Nbd7 14. Qe2 b6 15. Nf3 Ba6 16. Nfe5 Rfc8 17. Rfc1 Bd6 18. f3 c5 19. Nxd7 Nxd7 20. e4 cxd4 21. exf5 e5 22. Nf2 Nc5 23. Ng4 Qh5 24. Qd1 Qxf5 25. f4 e4 26. Bxd4 dxc4 27. Ne3 Qe6 28. f5 Qf7 29. bxc4 Rd8 30. Qc2 Bf8 31. Rd1 Rab8 32. Rab1 Bc8 33. g4 Bd7 34. Kh1 Ba4 35. Qc3 Bxd1 36. Rxd1 Nd3 37. Rf1 Bc5 38. Bxc5 Nxc5 39. Nd5 Re8 40. f6 g6 41. Ne7+ Rxe7 42. fxe7 Qxe7 43. Re1 Rd8 44. Qg3 Kg7 45. Bf1 Qd6 1/2-1/2

[Event "Bucharest-B (Women)"]
[Site "Bucharest"]
[Date "1994.??.??"]
[Round "?"]
[White "Dekusar, Maria"]
[Black "Dragomirescu, Angela"]
[Result "1/2-1/2"]
[WhiteElo "2135"]
[BlackElo "2170"]
[PlyCount "47"]
[EventDate "1994.??.??"]
[EventType "tourn"]
[EventRounds "11"]
[EventCountry "ROU"]
[SourceTitle "EXT 1997"]
[Source "ChessBase"]
[SourceDate "1996.11.15"]
[SourceVersion "1"]
[SourceVersionDate "1996.11.15"]
[SourceQuality "1"]

1. d4 d5 2. c4 c6 3. Nc3 Nf6 4. e3 a6 5. Nf3 b5 6. cxd5 cxd5 7. Ne5 Bb7 8. Bd3 Nbd7 9. f4 e6 10. 0-0 Bd6 11. Bd2 0-0 12. Qb1 b4 13. Na4 Ne4 14. Bxe4 dxe4 15. Nxd7 Qxd7 16. Nb6 Qb5 17. Nxa8 Bxa8 18. Qc2 Bb7 19. Rac1 a5 20. Rf2 a4 21. Be1 f5 22. Qc4 Qxc4 23. Rxc4 Bd5 24. Bxb4 1/2-1/2

[Event "Bucharest-B (Women)"]
[Site "Bucharest"]
[Date "1994.??.??"]
[Round "?"]
[White "Dekusar, Maria"]
[Black "Ionescu, Irina"]
[Result "0-1"]
[WhiteElo "2135"]
[BlackElo "2185"]
[PlyCount "58"]
[EventDate "1994.??.??"]
[EventType "tourn"]
[EventRounds "11"]
[EventCountry "ROU"]
[SourceTitle "EXT 1997"]
[Source "ChessBase"]
[SourceDate "1996.11.15"]
[SourceVersion "1"]
[SourceVersionDate "1996.11.15"]
[SourceQuality "1"]

1. d4 d5 2. c4 c6 3. Nc3 Nf6 4. e3 a6 5. a4 e6 6. Nf3 c5 7. cxd5 exd5 8. dxc5 Bxc5 9. Be2 0-0 10. 0-0 Nc6 11. Nd4 Qd6 12. Nxc6 bxc6 13. a5 Rb8 14. Bf3 Re8 15. Ra4 Qe5 16. Qd3 Bd6 17. g3 Rb4 18. Rd1 Rxa4 19. Nxa4 Bg4 20. Bxg4 Nxg4 21. Kg2 Qh5 22. Rh1 Qh3+ 23. Kg1 Re6 24. Qe2 Rf6 25. f4 Re6 26. Bd2 Nxe3 27. f5 Nxf5 28. Qxa6 Qg4 29. Nc3 Qd4+ 0-1

[Event "Bucharest TIT-2 (Women)"]
[Site "Bucharest"]
[Date "1993.??.??"]
[Round "5"]
[White "Dekusar, Maria"]
[Black "Lupu, Smaranda B"]
[Result "1-0"]
[WhiteElo "2100"]
[BlackElo "2145"]
[PlyCount "118"]
[EventDate "1993.??.??"]
[EventType "tourn"]
[EventRounds "11"]
[EventCountry "ROU"]
[SourceTitle "EXT 1998"]
[Source "ChessBase"]
[SourceDate "1997.11.17"]
[SourceVersion "1"]
[SourceVersionDate "1997.11.17"]
[SourceQuality "1"]

1. d4 Nf6 2. c4 c5 3. d5 e6 4. Nc3 exd5 5. cxd5 d6 6. e4 g6 7. f4 Bg7 8. Nf3 0-0 9. Be2 Re8 10. Nd2 Na6 11. 0-0 Nc7 12. a4 b6 13. Re1 Rb8 14. Bf3 Ba6 15. Ndb1 Bb7 16. Na3 a6 17. Nc4 b5 18. axb5 axb5 19. Na5 b4 20. Nxb7 Rxb7 21. Na4 Ra7 22. Bd2 Nb5 23. e5 dxe5 24. Nxc5 Rxa1 25. Qxa1 Qb6 26. Be3 exf4 27. Bf2 Qd8 28. Rxe8+ Nxe8 29. Nd3 Nd4 30. Nxb4 Nxf3+ 31. gxf3 Nd6 32. Qc1 Qg5+ 33. Kf1 Qe5 34. b3 h5 35. Nc6 Qg5 36. Qe1 Kh7 37. Ne7 Bf6 38. h4 Qe5 39. Qxe5 Bxe5 40. Nc6 Bf6 41. b4 Kg7 42. Bc5 Nb7 43. Na5 Nd8 44. b5 Bc3 45. Nc6 Nb7 46. Be7 f6 47. d6 Nc5 48. b6 Kf7 49. Nd8+ Ke8 50. b7 Nxb7 51. Nxb7 Bd4 52. Na5 Kd7 53. Nc4 Ke6 54. Ke2 Bc5 55. Bf8 Bg1 56. Bh6 Bh2 57. Bg7 g5 58. Bxf6 gxh4 59. Bxh4 Kd7 1-0

[Event "Bucharest TIT-2 (Women)"]
[Site "Bucharest"]
[Date "1993.??.??"]
[Round "9"]
[White "Dekusar, Maria"]
[Black "Petrescu, Irina C"]
[Result "1/2-1/2"]
[WhiteElo "2100"]
[BlackElo "2100"]
[PlyCount "103"]
[EventDate "1993.??.??"]
[EventType "tourn"]
[EventRounds "11"]
[EventCountry "ROU"]
[SourceTitle "EXT 1998"]
[Source "ChessBase"]
[SourceDate "1997.11.17"]
[SourceVersion "1"]
[SourceVersionDate "1997.11.17"]
[SourceQuality "1"]

1. d4 Nf6 2. c4 c5 3. d5 b5 4. cxb5 a6 5. f3 d6 6. e4 g6 7. Nc3 Bg7 8. Be3 0-0 9. a4 Nbd7 10. Nh3 Ne8 11. Be2 Nc7 12. 0-0 axb5 13. axb5 Bb7 14. Qd2 Qb8 15. Nf2 Ra7 16. f4 Qa8 17. Rad1 Ra5 18. e5 dxe5 19. Nfe4 Nb6 20. Bxc5 Ncxd5 21. fxe5 Bxe5 22. Qg5 Bg7 23. Nxd5 Nxd5 24. Nc3 Nxc3 25. bxc3 Ra2 26. Rf2 Bxc3 27. Qxe7 Bg7 28. Rd7 Bd5 29. b6 Re8 30. b7 Qb8 31. Qh4 Ra1+ 32. Bf1 Be6 33. Re7 Rxe7 34. Qxe7 Be5 35. g3 Rb1 36. Rd2 Bc7 37. Bd6 Rxb7 38. Bxc7 Qxc7 39. Rd8+ Kg7 40. Qf8+ Kf6 41. Qh8+ Kg5 42. h4+ Kh6 43. Qf8+ Kh5 44. Rd5+ Kg4 45. Be2+ Kh3 46. Bf1+ Kg4 47. Rd4+ Kf5 48. Rf4+ Ke5 49. Bg2 Rb1+ 50. Kh2 Qb6 51. Re4+ Kf6 52. Rf4+ 1/2-1/2